Convenio de adscripción a la Universidad Autónoma
Publicado:
San Jorge, núm. 84 (4t trimestre 1971), pàg 160 :
MARC
| LEADER | 00000nam a2200000Ia 4500 | ||
|---|---|---|---|
| 008 | 160829s9999 xx 000 0 cat d | ||
| 245 | |a Convenio de adscripción a la Universidad Autónoma | ||
| 260 | |a San Jorge, núm. 84 (4t trimestre 1971), pàg 160 | ||
| 610 | 2 | 0 | |a Instituto de Prehistoria y Arqueología (Barcelona, Catalunya) |9 54255 |
| 610 | 0 | |a Universitat Autònoma de Barcelona |9 17832 | |
| 901 | |a Arxiu | ||
| 942 | |n 1 |2 udc | ||
| 952 | |0 0 |1 0 |4 0 |7 1 |9 50443 |a Arxiu |b Arxiu |d 2016-12-01 |l 0 |r 2016-12-01 00:00:00 |w 2016-12-01 |y ARXIU | ||
| 999 | |c 54285 |d 54285 | ||